00528nam a22001577a 450000500170000000800410001702000180005804100130007608200140008910000430010324500960014625000190024226000540026130000290031565000260034420231117065356.0231117b |||||||| |||| 00| 0 eng d a9780702179044 aEnglish  a343.7 MAS aMasilo, P and Rautenbach, G lEnglish  aCommentary on the Mine Health and Safety Act and Regulations / cP Masilo and G Rautenbach  aFirst Edition  aCape Town : bJuta and Company (Pty) Ltd, c2008 bix, 69 pages ; c27 cm.  aLegal practice bLaw